000 01413cam a22003857a 4500
003 CHAP
005 20220817041745.0
008 971013s1972 r 00010 d
010 _a23468
011 _a24440
035 _a28539
040 _cCHAP
090 _aFolleto 2542
100 0 0 _aChena González, Rodolfo.
_922135
245 0 _aPrincipios básicos de sociología y teoría del liderazgo
260 _aMéxico, D.F. :
_bInstituto para el Mejoramiento de la Producción de Azúcar,
_c1972
300 _a27 p
490 0 _aSerie divulgación técnica, folleto
_v; 2
590 _aBATCH-UPD
_b10
_c20130110
_lUCH01
_h0046
590 _aBATCH-UPD
_b10
_c20130110
_lUCH01
_h0947
590 _aBATCH-UPD
_b10
_c20130409
_lUCH01
_h2032
590 _aBATCH-UPD
_b10
_c20130410
_lUCH01
_h0602
590 _aBATCH-UPD
_b10
_c20130914
_lUCH01
_h0920
590 _aCONVERSION
_b10
_c20130109
_lUCH01
_h1314
650 1 4 _aDirigentes.
_932700
650 1 4 _aSociología.
_9108197
710 0 _aComisión Nacional de la Industria Azucarera. México.
_925796
830 0 _aSerie divulgación técnica, folleto
_v; 2
901 _aBK
942 _cFOLL
949 _aFolleto 2542
_bBC
_cBPP
_d-65792
_eBPP
_fc.3
_i28539
_mD
_si
949 _aFolleto 2542
_bBC
_cBPP
_d-65793
_eBPP
_fc.4
_i28539
_mD
_si
949 _aFolleto 2542
_bBC
_cFOLL
_d-65788
_eTS1
_i28539
_mD
_si
949 _aFolleto 2542
_bBC
_cFOLL
_d-65789
_eTS2
_fc.2
_i28539
_mD
_si
999 _c23468
_d23468